Fundamentals of Estuarine Physical Oceanography

Bibliographic Details
Main Authors: Bruner de Miranda, L. (Author), Andutta, F.P (Author), Castro Filho, B.M. de (Author), Kjerfve, B. (Author)
Format: Book
Language:English
Published: New York, NY : Springer 2017
Subjects:

MARC

LEADER 00000cam a2200000 7i4500
001 0000099113
005 20201115093000.0
008 200813 nyu eng
020 |a 9789811030406 
040 |a UniSZA   |e rda 
050 0 0 |a GC97   |b .F86 2017 
090 0 0 |a GC97   |b .F86 2017 
100 1 |a Bruner de Miranda, L. ,   |e author 
245 0 0 |a Fundamentals of Estuarine Physical Oceanography   |c Bruner de Miranda, L., Andutta, F.P., Kjerfve, B., Castro Filho, B.M. de 
264 1 |a New York, NY :   |b Springer   |c 2017 
300 |a xxxii, 480 pages :   |b illustrator ;   |c 24cm. 
336 |a text  |2 rdacontent 
337 |a unmediated  |2 rdamedia 
338 |a volume  |2 rdacarrier 
504 |a Includes bibliographical references 
505 0 |a 1. Introduction to Estuary Studies -- 2. Circulation and Mixing in Estuaries -- 3. Estuary Classification -- 4. Physical Properties and Experiments in Estuaries -- 5. Reduction and Analysis of Observation Data : Flux and Transport of Properties -- 6. Mixing Processes in Estuaries: Simplifyed Methods -- 7. Hydrodynamic Formulation: Mass and Salt Conservation Equation -- 8. Hydrodynamic Formulation: Equations of Motion and Applications -- 9. Circulation and Mixing in Steady-State Models: Salt Wedge Estuary -- 10. Circulation and Mixing in Steady-State Models: Well-Mixed Estuary -- 11. Circulation and Mixing in Steady-State Models: Partially Mixed Estuary -- 12. Numerical Hydrodynamic Modelling 
650 0 |a Estuarine oceanography 
700 1 |a Andutta, F.P. ,   |e author 
700 1 |a Castro Filho, B.M. de ,   |e author 
700 1 |a Kjerfve, B. ,   |e author 
999 |a 1000180475   |b Book   |c Open Shelf (1 Day)   |e Tembila Campus